Lima-Santiago: reestructuración y cambio metropolitano
Saved in:
| Main Authors: | , , |
|---|---|
| Format: | Bog |
| Sprog: | spansk |
| Udgivet: |
Santiago
Instituto de Estudios Urbanos y Territoriales PUC
2011
|
| Udgivelse: | 1a. ed |
| Serier: | Estudios Urbanos UC
|
| Fag: | |
| Tags: |
Tilføj Tag
Ingen Tags, Vær først til at tagge denne postø!
|
MARC
| LEADER | 00000cam a2200000 a 4500 | ||
|---|---|---|---|
| 001 | UCF7765 | ||
| 003 | CL-VaPUC | ||
| 008 | 130704e20110500CL |||||||||||||||||spa|d | ||
| 020 | |a 9789563453270 | ||
| 082 | 0 | 4 | |a 711.2 |b MAT |2 21 |
| 100 | |a Mattos, Carlos A. de |e autor |9 569892 | ||
| 700 | 0 | |a Ludeña Urquizo, Wiley |e author |9 569893 | |
| 700 | 0 | |a Fuentes Arce, Luis |e author |9 569894 | |
| 245 | 1 | 0 | |a Lima-Santiago: reestructuración y cambio metropolitano |
| 250 | |a 1a. ed | ||
| 300 | |a 409 p | ||
| 942 | |c BK | ||
| 945 | |d 20130704 00:00:00 |a dcastane | ||
| 260 | |a Santiago |b Instituto de Estudios Urbanos y Territoriales PUC |c 2011 | ||
| 650 | 0 | |a Urbanismo |9 255208 | |
| 650 | 0 | |a Planificación urbana |9 258176 | |
| 650 | 0 | |a Cambio social |9 256857 | |
| 650 | 0 | |a Ciudades |9 265474 | |
| 651 | 7 | |a LIMA |2 CL-VaPUC |9 350186 | |
| 651 | 0 | |a Santiago de Chile |9 505521 | |
| 651 | 0 | |a Perú |9 256567 | |
| 583 | |a last modification |c 20130704 11:43:00 |k Rodrigo Vera | ||
| 490 | 0 | |a Estudios Urbanos UC | |
| 999 | |c 352552 |d 352550 | ||
| 952 | |0 0 |1 0 |4 0 |6 711_200000000000000_MAT_2011 |7 0 |8 A |9 457113 |a BIBARQ |b BIBARQ |d 2019-11-22 |i 498790K |o 711.2 MAT 2011 |p 498790K |r 2025-01-20 |w 2019-11-22 |y BK |k ARQ | ||